[Event "España ch sub-12 2012"]
[Site "Salobreña ESP"]
[Date "2012.07.02"]
[Round "1.1"]
[White "Aledo Yanguas, David"]
[Black "Lopez Mulet, Iñigo"]
[Result "0-1"]
[WhiteElo "1453"]
[BlackElo "1957"]
[PlyCount "82"]
[EventDate "2012.07.02"]
[EventType "swiss"]
[EventRounds "9"]
[EventCountry "ESP"]
[Source "lmi"]
[SourceDate "2012.07.02"]

1. Nf3 Nf6 2. d3 d5 3. e3 c5 4. g3 Nc6 5. Bg2 e5 6. O-O Bg4 7. c4 dxc4 8. dxc4
Qxd1 9. Rxd1 e4 10. h3 Bxf3 11. Bxf3 exf3 12. Nc3 Be7 13. b3 O-O 14. Bb2 Rad8
15. Rac1 Nb4 16. Ba3 Nd3 17. Rc2 Rd7 18. Rcd2 Rfd8 19. Kh2 b6 20. Kg1 a6 21.
Bc1 Nxc1 22. Rxd7 Rxd7 23. Rxc1 Rd2 24. Kf1 Kf8 25. Ke1 Rd3 26. Rc2 Bd6 27. Kf1
Be5 28. Kg1 Bxc3 29. Kh2 Ne4 30. h4 Be1 31. Kh3 f5 32. g4 Nxf2+ 33. Kg3 fxg4
34. h5 Kf7 35. h6 gxh6 36. a3 Kg6 37. b4 Kg5 38. bxc5 Ne4+ 39. Kh2 g3+ 40. Kg1
Rd1 41. cxb6 Bf2# 0-1

[Event "España ch sub-12 2012"]
[Site "Salobreña ESP"]
[Date "2012.07.02"]
[Round "1.2"]
[White "Perez Garcia, Alejandro"]
[Black "Trigueros Lorca, Irene"]
[Result "1-0"]
[WhiteElo "1902"]
[BlackElo "1452"]
[PlyCount "91"]
[EventDate "2012.07.02"]
[EventType "swiss"]
[EventRounds "9"]
[EventCountry "ESP"]
[Source "lmi"]
[SourceDate "2012.07.02"]

1. d4 Nf6 2. Nf3 g6 3. g3 Bg7 4. Bg2 O-O 5. O-O d6 6. b3 Nc6 7. Bb2 e6 8. c4 b6
9. Ne5 dxe5 10. Bxc6 Rb8 11. dxe5 Nd7 12. Bxd7 Bxd7 13. Nd2 Bc6 14. Qc2 Qg5 15.
f4 Qh5 16. Nf3 Qh3 17. Rad1 Rbd8 18. Ba3 Rfe8 19. Rxd8 Rxd8 20. Rd1 Re8 21. e4
Qh5 22. Qd3 Qh6 23. Nd4 Bd7 24. Nf5 exf5 25. Qxd7 Ra8 26. Qd8+ Rxd8 27. Rxd8+
Bf8 28. Bxf8 Qxf8 29. Rxf8+ Kxf8 30. exf5 gxf5 31. Kf2 c5 32. Ke3 Ke7 33. h3 h5
34. Kf3 a6 35. g4 hxg4+ 36. hxg4 fxg4+ 37. Kxg4 b5 38. Kf5 bxc4 39. bxc4 Ke8
40. Kf6 Kf8 41. f5 a5 42. a3 a4 43. e6 fxe6 44. Kxe6 Ke8 45. f6 Kf8 46. f7 1-0

[Event "España ch sub-12 2012"]
[Site "Salobreña ESP"]
[Date "2012.07.02"]
[Round "1.3"]
[White "Sanabria Taskila, Daniel Kristi"]
[Black "Nieves Cabanes, Jose Manuel"]
[Result "0-1"]
[WhiteElo "1452"]
[BlackElo "1874"]
[PlyCount "84"]
[EventDate "2012.07.02"]
[EventType "swiss"]
[EventRounds "9"]
[EventCountry "ESP"]
[Source "lmi"]
[SourceDate "2012.07.02"]

1. e4 c5 2. Nf3 Nc6 3. g3 g6 4. Bg2 Bg7 5. O-O d6 6. d3 Nf6 7. c3 O-O 8. Bf4
Bg4 9. Nbd2 Qd7 10. h4 Bh3 11. Re1 Bxg2 12. Kxg2 Nh5 13. Be3 b6 14. Nc4 b5 15.
Na3 b4 16. cxb4 Bxb2 17. Rb1 Bxa3 18. Bh6 Bxb4 19. Re2 Rfd8 20. Qb3 Qe6 21. Qb2
Qf6 22. Qb3 Qc3 23. Qd5 Nd4 24. Ng5 Ne6 25. Nxe6 Nf6 26. Qb7 fxe6 27. Qxe7 Rd7
28. Qxe6+ Rf7 29. Re3 Qe5 30. Qb3 Ng4 31. Rf3 Nxh6 32. g4 Raf8 33. g5 Kh8 34.
Rxf7 Nxf7 35. Rf1 Qf4 36. Qe6 Bc3 37. Rb1 Nxg5 38. hxg5 Qxf2+ 39. Kh1 Qh4+ 40.
Kg1 Bd4+ 41. Kg2 Rf2+ 42. Kg1 Qh2# 0-1

[Event "España ch sub-12 2012"]
[Site "Salobreña ESP"]
[Date "2012.07.02"]
[Round "1.4"]
[White "Gimenez Aguirre, Alejo Ismael"]
[Black "Barria Arbunic, Manuel"]
[Result "1-0"]
[WhiteElo "1872"]
[BlackElo "1447"]
[PlyCount "67"]
[EventDate "2012.07.02"]
[EventType "swiss"]
[EventRounds "9"]
[EventCountry "ESP"]
[Source "lmi"]
[SourceDate "2012.07.02"]

1. e4 c5 2. Nf3 e6 3. d4 cxd4 4. Nxd4 a6 5. Be3 Qc7 6. g3 b6 7. Bg2 Bb7 8. O-O
Nf6 9. Nd2 d6 10. c3 Be7 11. h3 Nbd7 12. f4 O-O 13. Qc2 Rfe8 14. Ne2 Rac8 15.
g4 Nf8 16. g5 N6d7 17. h4 d5 18. e5 Bc5 19. Bd4 Nxe5 20. fxe5 Qxe5 21. Qd3 Ng6
22. Bxc5 bxc5 23. Nf3 Qc7 24. h5 Ne5 25. Nxe5 Qxe5 26. Qd2 Rcd8 27. Rae1 a5 28.
Nd4 Qg3 29. Nb3 Qc7 30. Qf4 Qb6 31. Qxf7+ Kh8 32. h6 gxh6 33. gxh6 c4+ 34. Nd4
1-0

[Event "España ch sub-12 2012"]
[Site "Salobreña ESP"]
[Date "2012.07.02"]
[Round "1.5"]
[White "Sanchez Cornago, Raul"]
[Black "Bayo Milagro, Alvaro"]
[Result "0-1"]
[WhiteElo "1433"]
[BlackElo "1856"]
[PlyCount "58"]
[EventDate "2012.07.02"]
[EventType "swiss"]
[EventRounds "9"]
[EventCountry "ESP"]
[Source "lmi"]
[SourceDate "2012.07.02"]

1. e4 c6 2. d4 d5 3. exd5 cxd5 4. Bd3 Nf6 5. Bf4 Bg4 6. f3 Bh5 7. Nc3 a6 8.
Nge2 e6 9. Qd2 Nc6 10. g4 Bg6 11. Bxg6 hxg6 12. h4 b5 13. a3 Na5 14. O-O-O Nc4
15. Qd3 Rc8 16. Nb1 Qb6 17. Nd2 a5 18. Nxc4 bxc4 19. Qc3 Be7 20. Rd3 Bb4 21.
axb4 axb4 22. Qd2 cxd3 23. Qxd3 Kd7 24. Qb3 Rc6 25. Kb1 Rhc8 26. Rc1 Ne8 27.
Bd2 Qa6 28. Re1 Ra8 29. c3 Qd3+ 0-1

[Event "España ch sub-12 2012"]
[Site "Salobreña ESP"]
[Date "2012.07.02"]
[Round "1.6"]
[White "Porta Tovar, Guillem"]
[Black "Salleras Mercader, Josep Maria"]
[Result "1-0"]
[WhiteElo "1846"]
[BlackElo "1430"]
[PlyCount "49"]
[EventDate "2012.07.02"]
[EventType "swiss"]
[EventRounds "9"]
[EventCountry "ESP"]
[Source "lmi"]
[SourceDate "2012.07.02"]

1. e4 e5 2. Nf3 Nc6 3. Bc4 Nf6 4. d3 d5 5. Bxd5 Nxd5 6. exd5 Qxd5 7. Nc3 Qa5 8.
Bd2 Qb6 9. Nd5 Qxb2 10. Nxc7+ Kd8 11. Nxa8 Bg4 12. Rb1 Qxa2 13. Rxb7 Nd4 14.
Rb8+ Ke7 15. Bb4+ Kf6 16. Bxf8 Nxc2+ 17. Kf1 Nd4 18. h3 Bxf3 19. gxf3 Kf5 20.
Nc7 f6 21. Qe1 Kg5 22. Rg1+ Kh4 23. Qe4+ Kh5 24. Qg4+ Kh6 25. Bxg7# 1-0

[Event "España ch sub-12 2012"]
[Site "Salobreña ESP"]
[Date "2012.07.02"]
[Round "1.7"]
[White "Anton Quevedo, Andrea"]
[Black "Muñoz Pelaez, Manuel"]
[Result "0-1"]
[WhiteElo "1427"]
[BlackElo "1805"]
[PlyCount "54"]
[EventDate "2012.07.02"]
[EventType "swiss"]
[EventRounds "9"]
[EventCountry "ESP"]
[Source "lmi"]
[SourceDate "2012.07.02"]

1. e4 e5 2. Nf3 Nc6 3. Bc4 Bc5 4. c3 Nf6 5. d4 exd4 6. O-O O-O 7. cxd4 Be7 8.
Nc3 Nxe4 9. Bxf7+ Rxf7 10. Nxe4 d5 11. Neg5 Rf6 12. Qe2 h6 13. Nh3 Bxh3 14.
gxh3 Qd7 15. Kh1 Qxh3 16. Rg1 Qxf3+ 17. Qxf3 Rxf3 18. Bxh6 Bf6 19. Rg2 Nxd4 20.
Rc1 c6 21. Rg4 Kf7 22. Kg2 gxh6 23. Rxd4 Rxf2+ 24. Kxf2 Bxd4+ 25. Kg3 Bxb2 26.
Rb1 Be5+ 27. Kg2 b6 0-1

[Event "España ch sub-12 2012"]
[Site "Salobreña ESP"]
[Date "2012.07.02"]
[Round "1.8"]
[White "Escudero Manzano, Sergio"]
[Black "Villacorta Nicolas, David"]
[Result "1-0"]
[WhiteElo "1789"]
[BlackElo "1422"]
[PlyCount "135"]
[EventDate "2012.07.02"]
[EventType "swiss"]
[EventRounds "9"]
[EventCountry "ESP"]
[Source "lmi"]
[SourceDate "2012.07.02"]

1. e4 e5 2. Nf3 Nc6 3. d4 exd4 4. Nxd4 Bc5 5. Nb3 Bb6 6. a4 a6 7. Nc3 Nf6 8.
Be2 d6 9. Bg5 Ne5 10. Bh4 Ng6 11. Bg3 O-O 12. O-O Re8 13. Bf3 Rb8 14. Re1 Bd7
15. a5 Ba7 16. Nd4 Ne5 17. Be2 Nc6 18. Nxc6 Bxc6 19. Bf3 Nd7 20. Qd2 Ne5 21.
Be2 Ng6 22. Bf3 Ne5 23. Be2 Ng6 24. Bc4 Ne5 25. Bd5 Qd7 26. Rad1 Rbd8 27. Kh1
Bxd5 28. Nxd5 Ng6 29. Qc3 Rc8 30. Qb4 Qc6 31. h4 Ne7 32. Nc3 Ng6 33. Qb3 Ne5
34. Nd5 Rb8 35. Nb4 Qc4 36. Nd5 Qxb3 37. cxb3 Rbc8 38. Bxe5 dxe5 39. Kg1 c6 40.
Nb6 Bxb6 41. axb6 Rcd8 42. Kf1 Kf8 43. Ke2 Ke7 44. Kf3 h5 45. g4 Rxd1 46. Rxd1
g6 47. gxh5 gxh5 48. Rg1 Kf6 49. Rg5 Rh8 50. Ke3 Ke6 51. Kd3 Rd8+ 52. Ke3 Rh8
53. f4 exf4+ 54. Kxf4 Kf6 55. Rf5+ Kg6 56. e5 Rd8 57. Rf6+ Kg7 58. Rd6 Rb8 59.
Rd7 Kg6 60. Re7 Kg7 61. Kg5 Kf8 62. Kf6 Kg8 63. Rxf7 Rf8 64. Rxf8+ Kxf8 65. b4
Ke8 66. Ke6 Kd8 67. Kf7 Kd7 68. e6+ 1-0

[Event "España ch sub-12 2012"]
[Site "Salobreña ESP"]
[Date "2012.07.02"]
[Round "1.9"]
[White "Redondo Benavente, Ana Del Carmen"]
[Black "Quintana Perez, Maider"]
[Result "1-0"]
[WhiteElo "1419"]
[BlackElo "1742"]
[PlyCount "155"]
[EventDate "2012.07.02"]
[EventType "swiss"]
[EventRounds "9"]
[EventCountry "ESP"]
[Source "lmi"]
[SourceDate "2012.07.02"]

1. e4 e5 2. Bc4 Nf6 3. Nc3 Bc5 4. Nf3 Nc6 5. d3 O-O 6. O-O Be7 7. Be3 d6 8. h3
Be6 9. Bb3 Qd7 10. Ng5 h6 11. Nxe6 fxe6 12. d4 exd4 13. Bxd4 Kh8 14. Bxf6 Rxf6
15. Qg4 Ne5 16. Qe2 Raf8 17. Qe3 b6 18. Rad1 Ng6 19. e5 Rf4 20. exd6 Bxd6 21.
Qxe6 Qxe6 22. Bxe6 R4f6 23. Bd5 Nf4 24. Ne4 Rg6 25. Nxd6 cxd6 26. Kh2 Rgf6 27.
Bf3 Rc8 28. c3 Re8 29. Rfe1 Rfe6 30. Rxe6 Rxe6 31. g3 Ng6 32. Kg2 Kh7 33. Rd2
Ne5 34. Re2 Re8 35. Bd5 Rc8 36. f4 Ng6 37. Be4 Rc7 38. Bxg6+ Kxg6 39. Re6+ Kh7
40. Rxd6 Re7 41. Rd2 Kg6 42. Kf3 Kh7 43. g4 Kg6 44. h4 Kh7 45. g5 hxg5 46. hxg5
g6 47. Rd5 Kg7 48. f5 gxf5 49. Rxf5 Kg6 50. Rd5 Re6 51. c4 Re7 52. c5 bxc5 53.
Rxc5 Rb7 54. b3 Re7 55. Kf4 Re6 56. Rf5 Kg7 57. Re5 Ra6 58. a4 Kg6 59. Rb5 Rc6
60. Ke4 a6 61. Kd5 Rc3 62. Kd4 Rc6 63. Rc5 Rb6 64. Kc4 Kf7 65. b4 Ke7 66. b5
axb5+ 67. axb5 Kd7 68. Rc6 Rb8 69. g6 Rf8 70. Kd4 Rf5 71. Rc5 Rf8 72. g7 Rg8
73. Rg5 Kd6 74. Rg6+ Kd7 75. b6 Kd8 76. Kc5 Kd7 77. Kb5 Kc8 78. Kc6 1-0

[Event "España ch sub-12 2012"]
[Site "Salobreña ESP"]
[Date "2012.07.02"]
[Round "1.10"]
[White "Jimenez Vado, Yvan"]
[Black "Mallol Descarrega, Gerard"]
[Result "1-0"]
[WhiteElo "1739"]
[BlackElo "1407"]
[PlyCount "75"]
[EventDate "2012.07.02"]
[EventType "swiss"]
[EventRounds "9"]
[EventCountry "ESP"]
[Source "lmi"]
[SourceDate "2012.07.02"]

1. d4 d5 2. c4 e6 3. Nc3 Be7 4. cxd5 exd5 5. Nf3 Nf6 6. Bg5 h6 7. Bh4 O-O 8.
Qb3 c6 9. Bxf6 Bxf6 10. e3 b6 11. Rc1 Bb7 12. Bd3 Nd7 13. Na4 Rc8 14. O-O Qe7
15. Nc3 Rfd8 16. Bf5 g6 17. Bb1 Bg7 18. a4 Nf6 19. a5 bxa5 20. Na4 Rb8 21. Qc2
Qb4 22. Nc5 Rdc8 23. Ne5 Rc7 24. g4 g5 25. f4 gxf4 26. Rxf4 Ne4 27. Nxe4 dxe4
28. Qxe4 Qxb2 29. Qh7+ Kf8 30. Ng6+ Ke8 31. Qg8+ Kd7 32. Qxf7+ Kd8 33. Qg8+ Kd7
34. Qxg7+ Kd6 35. Qe5+ Kd7 36. Rf7+ Kd8 37. Qxc7+ Ke8 38. Qe7# 1-0

[Event "España ch sub-12 2012"]
[Site "Salobreña ESP"]
[Date "2012.07.02"]
[Round "1.11"]
[White "Navas Cervera, Anabel"]
[Black "Roma Barge, Gabriel"]
[Result "0-1"]
[WhiteElo "1391"]
[BlackElo "1735"]
[PlyCount "64"]
[EventDate "2012.07.02"]
[EventType "swiss"]
[EventRounds "9"]
[EventCountry "ESP"]
[Source "lmi"]
[SourceDate "2012.07.02"]

1. e4 Nc6 2. Nf3 d6 3. d4 Nf6 4. Nc3 Bg4 5. Be2 e5 6. d5 Nb8 7. h3 Bh5 8. O-O
Be7 9. Re1 O-O 10. Bg5 Nbd7 11. Qd2 h6 12. Be3 Bxf3 13. Bxf3 Nh7 14. Ne2 Bg5
15. Ng3 Bxe3 16. Qxe3 Re8 17. Nf5 Ndf8 18. Bh5 Qg5 19. Qf3 g6 20. Nxh6+ Qxh6
21. Bg4 Ng5 22. Qg3 Qg7 23. Be2 Nxe4 24. Qh4 Nf6 25. Bb5 N8d7 26. Re3 a6 27.
Be2 Nxd5 28. Rb3 Nc5 29. Rf3 Nf4 30. Bc4 d5 31. Bf1 f5 32. g3 g5 0-1

[Event "España ch sub-12 2012"]
[Site "Salobreña ESP"]
[Date "2012.07.02"]
[Round "1.12"]
[White "Roig Serralta, Nadal"]
[Black "Quiñonero Padilla, Maria"]
[Result "1-0"]
[WhiteElo "1721"]
[BlackElo "1376"]
[PlyCount "39"]
[EventDate "2012.07.02"]
[EventType "swiss"]
[EventRounds "9"]
[EventCountry "ESP"]
[Source "lmi"]
[SourceDate "2012.07.02"]

1. d4 d5 2. g3 e6 3. Bg2 Nf6 4. Nf3 c5 5. O-O Nc6 6. c4 Be7 7. Nc3 O-O 8. cxd5
exd5 9. dxc5 Bxc5 10. Bg5 Be7 11. Nd4 Nxd4 12. Qxd4 Be6 13. Qd2 Rc8 14. Bxf6
Bxf6 15. Nxd5 Bxb2 16. Qxb2 Bxd5 17. Rfd1 b6 18. Rxd5 Qe7 19. Rad1 g6 20. Rd7
1-0

[Event "España ch sub-12 2012"]
[Site "Salobreña ESP"]
[Date "2012.07.02"]
[Round "1.13"]
[White "Rodriguez Miranda, Sergio"]
[Black "Ros Alonso, Jaume"]
[Result "0-1"]
[WhiteElo "1370"]
[BlackElo "1713"]
[PlyCount "70"]
[EventDate "2012.07.02"]
[EventType "swiss"]
[EventRounds "9"]
[EventCountry "ESP"]
[Source "lmi"]
[SourceDate "2012.07.02"]

1. e4 c5 2. Nf3 e6 3. d4 cxd4 4. Nxd4 a6 5. Be2 Qc7 6. Be3 Nf6 7. Nd2 Nc6 8. c3
Be7 9. O-O O-O 10. Rc1 d6 11. Qc2 b5 12. b3 Bb7 13. f3 Rac8 14. Qb2 Rfd8 15.
Bd3 d5 16. Bb1 Ne5 17. Rfd1 dxe4 18. fxe4 Neg4 19. Nf1 Nxe3 20. Nxe3 Nxe4 21.
Bxe4 Bxe4 22. Re1 Bg5 23. c4 Qc5 24. Rcd1 e5 25. Nec2 Bxc2 26. Qxc2 Rxd4 27.
Rxd4 Qxd4+ 28. Kh1 bxc4 29. Qf5 Qd8 30. Rf1 Bf6 31. h3 h6 32. bxc4 Rxc4 33. Qf3
Rf4 34. Qe2 Rxf1+ 35. Qxf1 Qb6 0-1

[Event "España ch sub-12 2012"]
[Site "Salobreña ESP"]
[Date "2012.07.02"]
[Round "1.14"]
[White "Soto Martin, Pablo"]
[Black "Lacruz Algarate, Alvaro"]
[Result "0-1"]
[WhiteElo "1707"]
[BlackElo "1363"]
[PlyCount "56"]
[EventDate "2012.07.02"]
[EventType "swiss"]
[EventRounds "9"]
[EventCountry "ESP"]
[Source "lmi"]
[SourceDate "2012.07.02"]

1. e4 e6 2. d4 d5 3. Nc3 Nf6 4. e5 Nfd7 5. f4 c5 6. Nf3 Nc6 7. Be3 cxd4 8. Nxd4
Bc5 9. Qd2 O-O 10. O-O-O a6 11. g4 Nxd4 12. Bxd4 b5 13. h4 Bb7 14. h5 b4 15.
Nb1 Rc8 16. Bxc5 Nxc5 17. Qxb4 Qc7 18. c3 d4 19. Rh3 Bd5 20. Qxd4 Bxa2 21. Nd2
Rfd8 22. Qe3 Qd7 23. Be2 Qa4 24. c4 Rxd2 25. Qxd2 h6 26. Rf1 Nb3+ 27. Rxb3 Bxb3
28. Rf3 Qa1# 0-1

[Event "España ch sub-12 2012"]
[Site "Salobreña ESP"]
[Date "2012.07.02"]
[Round "1.15"]
[White "Valls Navarro, Sara"]
[Black "Plazuelo Pascual, Juan"]
[Result "0-1"]
[WhiteElo "1337"]
[BlackElo "1703"]
[PlyCount "106"]
[EventDate "2012.07.02"]
[EventType "swiss"]
[EventRounds "9"]
[EventCountry "ESP"]
[Source "lmi"]
[SourceDate "2012.07.02"]

1. e4 c5 2. Nf3 d6 3. d4 cxd4 4. Nxd4 Nf6 5. Nc3 a6 6. a4 e5 7. Nb3 Be6 8. Be2
Be7 9. O-O O-O 10. Be3 Nc6 11. f4 exf4 12. Rxf4 d5 13. exd5 Nxd5 14. Nxd5 Bxd5
15. Rf1 Re8 16. c4 Be6 17. Qxd8 Raxd8 18. Rad1 Bf6 19. Nc5 Bc8 20. Rxd8 Bxd8
21. Kf2 Bb6 22. Bf3 f5 23. Bxc6 bxc6 24. Bd4 Re4 25. Nxe4 Bxd4+ 26. Kf3 fxe4+
27. Kxe4 Bf6 28. Rd1 Kf7 29. b4 Ke7 30. b5 axb5 31. axb5 cxb5 32. cxb5 Bb7+ 33.
Ke3 Bxg2 34. Kf2 Bb7 35. Rc1 Kd6 36. Ke2 Bd4 37. Rf1 Bd5 38. Kd3 Be5 39. Rg1 g6
40. h3 Kc5 41. Rg5 Bf6 42. Rg1 Kxb5 43. Rc1 Be6 44. Rc7 h5 45. Rh7 Bxh3 46. Rh6
Bf5+ 47. Ke2 h4 48. Kf3 h3 49. Kg3 Be5+ 50. Kf2 h2 51. Rxh2 Bxh2 52. Kg2 Be5
53. Kf3 Kc4 0-1

[Event "España ch sub-12 2012"]
[Site "Salobreña ESP"]
[Date "2012.07.02"]
[Round "1.16"]
[White "Lechuga Cabrero, Luis Miguel"]
[Black "Navas Cervera, Eduardo"]
[Result "1-0"]
[WhiteElo "1712"]
[BlackElo "1298"]
[PlyCount "81"]
[EventDate "2012.07.02"]
[EventType "swiss"]
[EventRounds "9"]
[EventCountry "ESP"]
[Source "lmi"]
[SourceDate "2012.07.02"]

1. e4 c5 2. Nf3 Nc6 3. d4 cxd4 4. Nxd4 g6 5. Nc3 Bg7 6. Be3 Nf6 7. Nxc6 bxc6 8.
e5 Ng4 9. Qxg4 Bxe5 10. Qe4 Bxc3+ 11. bxc3 d5 12. Qd4 Bf5 13. Qxh8+ Kd7 14.
Qxd8+ Rxd8 15. Bd3 Be6 16. Bxa7 Kc7 17. Rb1 Ra8 18. Bb6+ Kd7 19. Rb2 Rb8 20.
O-O Ra8 21. Rfb1 Kd6 22. Be3 Bd7 23. c4 e5 24. cxd5 cxd5 25. Rb6+ Bc6 26. Bb5
Rc8 27. Rxc6+ Rxc6 28. Bxc6 Kxc6 29. a4 d4 30. Bd2 d3 31. cxd3 e4 32. dxe4 f5
33. exf5 gxf5 34. a5 f4 35. a6 Kc5 36. a7 f3 37. a8=Q fxg2 38. Qd8 h5 39. Rc1+
Kb5 40. Qb8+ Ka6 41. Ra1# 1-0

[Event "España ch sub-12 2012"]
[Site "Salobreña ESP"]
[Date "2012.07.02"]
[Round "1.17"]
[White "Ponce Cano, Carmen"]
[Black "Orantes Taboada, Francisco"]
[Result "0-1"]
[WhiteElo "1218"]
[BlackElo "1688"]
[PlyCount "50"]
[EventDate "2012.07.02"]
[EventType "swiss"]
[EventRounds "9"]
[EventCountry "ESP"]
[Source "lmi"]
[SourceDate "2012.07.02"]

1. e4 c5 2. Nf3 Nc6 3. Bc4 d6 4. Nc3 g6 5. d4 cxd4 6. Nxd4 Bg7 7. Be3 Nf6 8.
Bb5 Bd7 9. Qd2 O-O 10. Bh6 Bxh6 11. Qxh6 Nxd4 12. Bd3 Rc8 13. Qe3 Qb6 14. b3
Rxc3 15. Qd2 Rfc8 16. Rc1 Bb5 17. Bxb5 Nxc2+ 18. Kf1 Ne3+ 19. Ke2 Qxb5+ 20. Ke1
Rxc1+ 21. Qxc1 Rxc1+ 22. Kd2 Rc2+ 23. Kxe3 Qe2+ 24. Kf4 Qg4+ 25. Ke3 Qxe4# 0-1

[Event "España ch sub-12 2012"]
[Site "Salobreña ESP"]
[Date "2012.07.02"]
[Round "1.18"]
[White "Jimenez Lozano, Francisco Javier"]
[Black "Jijon Yampuezan, Germania Patricia"]
[Result "1/2-1/2"]
[WhiteElo "1681"]
[BlackElo "1203"]
[PlyCount "129"]
[EventDate "2012.07.02"]
[EventType "swiss"]
[EventRounds "9"]
[EventCountry "ESP"]
[Source "lmi"]
[SourceDate "2012.07.02"]

1. e4 d5 2. exd5 Qxd5 3. Nc3 Qa5 4. d3 Nf6 5. Bd2 c6 6. Be2 Bf5 7. Nf3 e6 8.
O-O Be7 9. Nd4 Bg6 10. Qe1 O-O 11. Bf3 Nbd7 12. Nd5 Qd8 13. Nxe7+ Qxe7 14. Qe3
e5 15. Bc3 c5 16. Nb3 e4 17. dxe4 Nxe4 18. Rfe1 Rae8 19. Bxe4 Qxe4 20. Qd2 Qc6
21. Rxe8 Rxe8 22. Re1 Rxe1+ 23. Qxe1 Bxc2 24. Qe8+ Nf8 25. Qxc6 bxc6 26. Nxc5
Ne6 27. Nxe6 fxe6 28. f4 Kf7 29. Kf2 c5 30. Kg3 h6 31. Kh4 Kg6 32. g4 c4 33. g5
hxg5+ 34. fxg5 Kf7 35. Kg4 g6 36. Kf4 a6 37. Ke5 Bb1 38. a4 Ba2 39. Kd4 Ke7 40.
a5 Kd6 41. Bb4+ Kc6 42. h4 Kb5 43. Bc3 Kc6 44. Ke5 Kd7 45. Kf6 Bb1 46. Be1 Kd6
47. h5 gxh5 48. g6 Kd5 49. g7 Bh7 50. Kf7 Kd4 51. Kxe6 Kd3 52. Kf6 Kc2 53. Bc3
h4 54. Kf7 h3 55. Be5 h2 56. Bxh2 Kxb2 57. g8=Q Bxg8+ 58. Kxg8 c3 59. Be5 Kb3
60. Kf7 c2 61. Bf4 Kb2 62. Ke6 Ka3 63. Kd5 Ka4 64. Bd2 c1=Q 65. Ke4 1/2-1/2

[Event "España ch sub-12 2012"]
[Site "Salobreña ESP"]
[Date "2012.07.02"]
[Round "1.21"]
[White "Segura Santos, Jorge"]
[Black "Aledo Yanguas, Javier"]
[Result "1-0"]
[WhiteElo "1241"]
[BlackElo "1654"]
[PlyCount "63"]
[EventDate "2012.07.02"]
[EventType "swiss"]
[EventRounds "9"]
[EventCountry "ESP"]
[Source "lmi"]
[SourceDate "2012.07.02"]

1. d4 d5 2. Nf3 c6 3. Bf4 Nf6 4. Nbd2 e6 5. e3 Nbd7 6. Bd3 Be7 7. c3 O-O 8. Ne5
Nxe5 9. dxe5 Nd7 10. h4 f5 11. h5 Bg5 12. g3 c5 13. Nf3 Bxf4 14. gxf4 Qe7 15.
Qe2 c4 16. Bc2 b5 17. Nd4 a6 18. O-O-O Nb6 19. Rdg1 Kf7 20. Qf3 Rg8 21. Rg3 g5
22. hxg6+ hxg6 23. Qg2 Qf8 24. Rgh3 Bd7 25. Rh7+ Rg7 26. R1h6 Rxh7 27. Qxg6+
Ke7 28. Rxh7+ Kd8 29. Nxe6+ Bxe6 30. Qxe6 Rb8 31. Bxf5 a5 32. Rd7+ 1-0

[Event "España ch sub-12 2012"]
[Site "Salobreña ESP"]
[Date "2012.07.02"]
[Round "2.1"]
[White "Lopez Mulet, Iñigo"]
[Black "Llado Tomas, Miquel"]
[Result "1-0"]
[WhiteElo "1957"]
[BlackElo "1547"]
[PlyCount "51"]
[EventDate "2012.07.02"]
[EventType "swiss"]
[EventRounds "9"]
[EventCountry "ESP"]
[Source "lmi"]
[SourceDate "2012.07.02"]

1. d4 Nf6 2. c4 g6 3. Nc3 Bg7 4. e4 d6 5. g3 O-O 6. Bg2 e5 7. Nge2 Nc6 8. d5
Ne7 9. O-O a5 10. h3 Nd7 11. f4 exf4 12. Nxf4 Nc5 13. Be3 b6 14. Rc1 c6 15.
dxc6 Nxc6 16. Rf2 Qe7 17. e5 Bb7 18. Nfd5 Qxe5 19. Bf4 Qd4 20. Nb5 Qxd1+ 21.
Rxd1 Ba6 22. Nxb6 Rab8 23. Bxd6 Rfd8 24. Rfd2 Rxb6 25. Bxc5 Rxd2 26. Rxd2 1-0

[Event "España ch sub-12 2012"]
[Site "Salobreña ESP"]
[Date "2012.07.02"]
[Round "2.2"]
[White "Gomez Sanjuan, Hector Fernando"]
[Black "Perez Garcia, Alejandro"]
[Result "0-1"]
[WhiteElo "1551"]
[BlackElo "1902"]
[PlyCount "86"]
[EventDate "2012.07.02"]
[EventType "swiss"]
[EventRounds "9"]
[EventCountry "ESP"]
[Source "lmi"]
[SourceDate "2012.07.02"]

1. d4 Nf6 2. c4 e5 3. dxe5 Ng4 4. Nf3 Bc5 5. e3 Nc6 6. Be2 O-O 7. O-O Ngxe5 8.
Nbd2 a5 9. a3 Re8 10. Nb3 Qe7 11. Bd2 a4 12. Nxc5 Qxc5 13. Rc1 d6 14. Qc2 Nxf3+
15. Bxf3 Bf5 16. Qd1 Bd3 17. Be2 Bxe2 18. Qxe2 Qb6 19. Bc3 Ne5 20. Bd4 Qa6 21.
Rfe1 f6 22. Qc2 Rad8 23. Red1 c6 24. Bxe5 Rxe5 25. Qd3 Qb6 26. Qc3 Rc5 27. Qd4
Qa5 28. Qd2 Qxd2 29. Rxd2 d5 30. Rcc2 Kf7 31. Kf1 Ke6 32. Ke2 Rd7 33. cxd5+
Rdxd5 34. Rxc5 Rxc5 35. Rd4 Rc2+ 36. Rd2 Rxd2+ 37. Kxd2 b5 38. g4 g5 39. f4 h6
40. Kd3 Kd5 41. e4+ Ke6 42. fxg5 hxg5 43. h3 c5 0-1

[Event "España ch sub-12 2012"]
[Site "Salobreña ESP"]
[Date "2012.07.02"]
[Round "2.3"]
[White "Nieves Cabanes, Jose Manuel"]
[Black "Perez Barroso, Miguel"]
[Result "1/2-1/2"]
[WhiteElo "1874"]
[BlackElo "1544"]
[PlyCount "112"]
[EventDate "2012.07.02"]
[EventType "swiss"]
[EventRounds "9"]
[EventCountry "ESP"]
[Source "lmi"]
[SourceDate "2012.07.02"]

1. d4 d5 2. c4 c6 3. Nc3 Nf6 4. cxd5 cxd5 5. Bf4 a6 6. Nf3 Nc6 7. e3 Bf5 8. Nh4
Bg4 9. Nf3 e6 10. Bd3 Be7 11. O-O O-O 12. h3 Bh5 13. Rc1 Nb4 14. Bb1 Rc8 15. a3
Nc6 16. Bd3 Bd6 17. Bxd6 Qxd6 18. Be2 Rfe8 19. Qd2 Qe7 20. Rfd1 Red8 21. Qe1
Qe8 22. Nd2 Bxe2 23. Qxe2 Na5 24. Rc2 Rc6 25. Rdc1 Rdc8 26. Qd3 Nc4 27. Nb3 Rb6
28. Nd1 Rbc6 29. Nc5 Qe7 30. Qb3 R8c7 31. Qa2 Nd7 32. b3 Nxc5 33. dxc5 Ne5 34.
b4 Qf6 35. Nb2 Rc8 36. Qb3 Qf5 37. Rc3 Qg6 38. Qc2 Qxc2 39. R1xc2 b5 40. Kf1
Kf8 41. Ke2 Ke7 42. Nd3 Nc4 43. Ne1 a5 44. Nf3 Ra8 45. Nd4 Rcc8 46. Rb3 a4 47.
Rbc3 Rab8 48. g4 g6 49. f4 f6 50. Kf3 e5 51. Ne2 Ke6 52. e4 d4 53. Rd3 Rg8 54.
h4 g5 55. f5+ Ke7 56. h5 h6 1/2-1/2

[Event "España ch sub-12 2012"]
[Site "Salobreña ESP"]
[Date "2012.07.02"]
[Round "2.4"]
[White "Las Heras Aixandri, Sara"]
[Black "Gimenez Aguirre, Alejo Ismael"]
[Result "1-0"]
[WhiteElo "1542"]
[BlackElo "1872"]
[PlyCount "21"]
[EventDate "2012.07.02"]
[EventType "swiss"]
[EventRounds "9"]
[EventCountry "ESP"]
[Source "lmi"]
[SourceDate "2012.07.02"]

1. e4 e6 2. d3 d5 3. Qe2 Be7 4. Nf3 c5 5. g3 Nc6 6. Bg2 d4 7. e5 Bd7 8. O-O h5
9. Na3 Nb4 10. Nc4 Bc6 11. h4 1-0